000
00211 a2200097 4500
001
9037
100
_a
Cerf, B A
245
_a
Sixteen famous british plays
260
_a
_b
Modern Library
_c
090
_c
7220
_d
7220
942
_a
NUST-CAE
_c
M
_c
33846
999
_c
244110
_d
244110